| 000 | 00680cam a22002052 4500 | ||
|---|---|---|---|
| 001 | 0000000353 | ||
| 005 | 20151021151047.0 | ||
| 008 | 070123s xx 000 0 eng d | ||
| 020 |
_a0070125910 : _cKES 1,800 |
||
| 040 |
_aKABU _cKABU |
||
| 050 | 0 |
_aTK7888.4 _b.B76 |
|
| 100 | 1 |
_aBrown, Stephen. _@0000170452 |
|
| 245 | 1 | 0 |
_aFundamentals of digital logic with VHDL design / _cStephen Brown and Zvonko Vranesic. |
| 260 |
_aNew Delhi : _bTata McGraw-Hill, _c2000. |
||
| 300 | _axx, 840 p. | ||
| 650 | 0 |
_aLogic Circuits _xdesign and construction _xdata processing. _@0000148508 |
|
| 908 | _a070123 | ||
| 950 | _@1 | ||
| 999 |
_c209 _d209 |
||